000 00210 a2200097 4500
001 11010
100 _aIkram Azam
245 _aPakistan and Indian Heritage
260 _a
_bSang-e-Meel
_c
090 _c8578
_d8578
942 _aNUST-CAE
_cM
_c35353
999 _c246083
_d246083